000 00250nam a2200097Ia 4500
001 709301
005 20250826162544.0
008 250824s9999 xx 000 0 und d
245 0 _aŞİİR SALDIM GÖKYÜZÜNE
_cMAVİSEL YENER
260 _bTUDEM YAYINLARI
999 _c709301
_d709301